Intervención e investigación psicoeducativas en alumnos superdotados / (Record no. 89559)

MARC details
000 -CABECERA
campo de control de longitud fija 00603nam a2200193 a 4500
005 - FECHA Y HORA DE LA ÚLTIMA TRANSACCIÓN
campo de control 20210223124608.0
008 - ELEMENTOS DE LONGITUD FIJA--INFORMACIÓN GENERAL
campo de control de longitud fija 020417s1994 es r 000 0 spa d
020 ## - NÚMERO INTERNACIONAL NORMALIZADO PARA LIBROS
Número Internacional Estándar del Libro 8486368960
035 ## - NÚMERO DE CONTROL DEL SISTEMA
Número de control de sistema UPN01000116917
049 ## - COLECCIÓN
Colección CG
050 #4 - SIGNATURA TOPOGRÁFICA DE LA BIBLIOTECA DEL CONGRESO
Número de clasificación LC3993
Número de documento/Ítem I6.7
245 00 - MENCIÓN DE TÍTULO
Título Intervención e investigación psicoeducativas en alumnos superdotados /
Mención de responsabilidad, etc. coord. Yolanda Benito Mate.
260 ## - PUBLICACIÓN, DISTRIBUCIÓN, ETC.
Lugar de publicación, distribución, etc. Salamanca, Esp. :
Nombre del editor, distribuidor, etc. Amarú,
Fecha de publicación, distribución, etc. [1994].
300 ## - DESCRIPCIÓN FÍSICA
Extensión 302 p.
440 #0 - MENCIÓN DE SERIE/ASIENTO SECUNDARIO--TÍTULO
Título CC de la educación
650 #4 - ASIENTO SECUNDARIO DE MATERIA - TERMINO TEMATICO
Término de materia o nombre geográfico como elemento de entrada NIÑOS SUPERDOTADOS -
Subdivisión general EDUCACION
9 (RLIN) 19035
700 1# - ASIENTO SECUNDARIO--NOMBRE DE PERSONAL
Nombre de persona Benito Mate, Yolanda,
Término indicativo de función/relación coord.
9 (RLIN) 32045
905 ## - TIPO DE MATERIAL
Tipo de material Libro
Holdings
Estado de retiro Estado de pérdida Fuente del sistema de clasificación o colocación Estado dañado No para préstamo Código de colección Localización permanente Ubicación/localización actual Ubicación en estantería Total de préstamos Clasificación Código de barras Fecha visto por última vez Número de copia Tipo de ítem Koha Fecha de adquisición Fecha del último préstamo
    Library of Congress Classification     Colección General Bib. Gregorio Torres Quintero Bib. Gregorio Torres Quintero Planta baja 13 LC3993 I6.7 169529 31/12/2020 1 Libro    
    Library of Congress Classification     Colección General Bib. Gregorio Torres Quintero Bib. Gregorio Torres Quintero Planta baja 24 LC3993 I6.7 169528 03/02/2023 1 Libro 14/10/2022 20/01/2023
    Library of Congress Classification     Colección General Bib. Gregorio Torres Quintero Bib. Gregorio Torres Quintero Planta baja 14 LC3993 I6.7 191141 31/12/2020 1 Libro    
    Library of Congress Classification     Colección General Bib. Gregorio Torres Quintero Bib. Gregorio Torres Quintero Planta baja 8 LC3993 I6.7 169530 31/12/2020 1 Libro